Estadísticas para Estaciones de tren de Buenos Aires (AMBA)

Haz click aquí para intentar la prueba.

Estadísticas generales

  • Esta prueba ha sido intentada 32 veces
  • La puntuación promedio es 11 de 17

Estadísticas de respuestas

Tren de la costaMitre TigreMitre MitreMitre SuarezBelgrano NorteSan Martin% Correcto
DeltaTigreBartolome mitreJose Leon SuarezVilla RosaDr Cabred
93%
Belgrano CRetiroCarapachaySantos lugares
80%
RetiroFloridaDevoto
77%
Las barrancasSan IsidroBelgrano RMigueleteIng. Pablo NoguesJose C Paz
77%
Vicente LopezColegialesVice alte. MontesHurlingham
77%
Punta chicaVictoriaLuis Maria SaavedraSan AndresTierras altasPte. Derqui
73%
Av. MaipuOlivosRetiroBelgrano RDon TorcuatoWilliams Morris
70%
San Isidro RBeccarCoghlanSan MartinGrand bourgSol y verde
67%
Nuñez3 de febreroVilla AdelinaCaseros
67%
LibertadorMartinezMinistro CarranzaUrquizaVilla de mayoMuñiz
60%
BorgesLa lucila3 de febreroDr Luis M. DragoA. SourdeauxBella vista
57%
RivadaviaMinistro CarranzaBoulogne Sur MerEl palomar
57%
Juan AnchorenaAcasussoColegialesPueyrredonLos polvorinesSan Miguel
53%
Canal San FernandoCarupaDr CentragoloChivalertDel VisoManzanares
53%
Lisandro de la torreMunroSaenz peña
53%
Marina nuevaVirreyesJuan B JustoMalaverTortuguitasVilla astolfi
50%
San Fernando RSan Fernando CFloridaVilla BallesterM. AlbertiPilar
37%

Distribución de puntuación

Porcentaje por número respondido

Porcentaje de gente con cada puntuación

Historial de tus puntuaciones

No has intentado esta prueba.